Country Shapes Quiz #3 - Statistics

General Stats
  • This quiz has been taken 11 times
  • The average score is 9 of 10
Answer Stats
Question Answer % Correct
Which is Chile?
100%
Which is Cuba?
100%
Which is Belgium?
100%
Which is Angola?
100%
Which is Yemen?
100%
Which is Ghana?
80%
Which is Uruguay?
70%
Which is São Tomé and Príncipe?
70%
Which is Bulgaria?
70%
Which is Bhutan?
70%
No matching quizzes found
Score Distribution
Percent of People with Each Score
Percentile by Number Answered
Your Score History
You have not taken this quiz